| 000 | 00414nam a22001577a 4500 | ||
|---|---|---|---|
| 082 |
_a516.62 _bKNO _cL-3, P-9 |
||
| 100 |
_aKnott, C.G. _939420 |
||
| 245 |
_aPractical mathematics _cKnott, C.G. |
||
| 250 | _a3rd ed | ||
| 260 |
_aEdinburgh _bW&R chambers limited |
||
| 300 | _axii, 627 p.: | ||
| 526 |
_a0 _b0 _c0 _d516_620000000000000_KNO |
||
| 650 |
_aMCE _9379 |
||
| 700 |
_aKnott, C.G. _939420 |
||
| 942 |
_2ddc _cBK |
||
| 999 |
_c543917 _d543917 |
||